| 000 | 00828cam a2200277 4500 | ||
|---|---|---|---|
| 001 | 22277 | ||
| 003 | BD-RjUL | ||
| 005 | 20211209000804.0 | ||
| 008 | 140308s1970 ii b 001 0 eng | ||
| 035 | _a(BD-RjUL)22342 | ||
| 040 |
_aDLC _cDLC _dDLC _dBD-RjUL _beng |
||
| 041 | 1 | _aengben | |
| 082 |
_a891.44016 _bMUB 1970 |
||
| 100 | 1 |
_aMukherji, Jagomohon. _968774 |
|
| 245 | 1 | 0 |
_aBengali literature in English : _ba bibliography / |
| 250 | _a[1st ed.] | ||
| 260 |
_aCalcutta : _bM. C. Sarkar, _c1970. |
||
| 300 |
_axv, 108, 7 p. ; _c18 cm. |
||
| 350 | _aRs8.00 | ||
| 500 | _a"Supplement, July 1967 to December 1969": 7 p. (3d group) | ||
| 504 | _aIncludes index. | ||
| 650 | 0 |
_aBengali literature _xTranslations into English _xBibliography. _968775 |
|
| 942 |
_2ddc _cBK |
||
| 999 |
_c22277 _d22277 |
||